000 01586nam0a2200373 4500
001 RU\NLR\bibl\267368
005 20260405064907.0
010 _a5-279-02403-1
_93000
021 _aRU
_b2001-64567
_93140
035 _a(NLR Aleph) 000262934
090 _a1536198
_c1536198
100 _a20020517d2002 |||y0rusy50 ca
101 0 _arus
102 _aRU
105 _aa |||||||||
200 1 _aТуроперейтинг: стратегия и финансы
_e[Учеб. для вузов турист. профиля]
_fЕ. Н. Ильина
_gРос. междунар. акад. туризма
210 _aМ.
_cФинансы и статистика
_d2002
215 _a190,[1] с.
_cил.
_d21
320 _aБиблиогр.: с. 188-189
606 0 _aМаркетинг в туризме
_jРуководства, пособия и т.п. для высшей школы
_91530804
_3RU\NLR\auth\66666525
606 0 _aТуризм
_jУчебные издания для высшей школы
_xМаркетинг
_92085149
_3RU\NLR\auth\661261261
610 0 _aТуристы - Обслуживание
610 0 _aТуризм - Маркетинг
675 _a379.85
_v3
_zrus
686 _a13.21
_2rugasnti
686 _a75.81
_2rubbk
686 _aЧ518.14(0)к4
700 1 _4070
_8rus
_7ca
_aИльина
_bЕ.Н.
_cэкономика туризма
_gЕлена Николаевна
_3RU\NLR\auth\7722847
_95902
801 0 _aRU
_bRKP
_c20020517
_gPSBO
801 1 _aRU
_bRKP
_c20020517
801 2 _aRU
_bNLR
_c20050310
_grcr
942 _cBOOK
980 _aNB